Использование наносекундных электронных пучков для инициирования пробоя мегавольтных разрядников; Мощные наносекундные импульсные источники ускоренных электронов

Bibliografiske detaljer
Parent link:Мощные наносекундные импульсные источники ускоренных электронов.— 1974.— С. 139-142
Andre forfattere: Ельчанинов А. С., Емельянов В. Г., Ковальчук Б. М. Борис Михайлович, Месяц Г. А. Геннадий Андреевич, Поталицын Ю. Ф.
Sprog:russisk
Udgivet: 1974
Fag:
Format: MixedMaterials Book Chapter
KOHA link:https://koha.lib.tpu.ru/cgi-bin/koha/opac-detail.pl?biblionumber=219086

MARC

LEADER 00000naa2a2200000 4500
001 219086
005 20231031195000.0
035 |a (RuTPU)RU\TPU\book\239124 
035 |a RU\TPU\book\214803 
090 |a 219086 
100 |a 20120702d1974 k y0rusy50 ca 
101 0 |a rus 
102 |a RU 
200 1 |a Использование наносекундных электронных пучков для инициирования пробоя мегавольтных разрядников  |f А. С. Ельчанинов [и др.] 
320 |a Библиогр.: с. 141-142 (7 назв.) 
463 0 |0 (RuTPU)RU\TPU\book\126332  |t Мощные наносекундные импульсные источники ускоренных электронов  |o [сборник статей]  |f Академия наук СССР (АН СССР), Сибирское отделение (СО), Институт оптики атмосферы (ИОА) ; отв. ред. Г. А. Месяц  |v С. 139-142  |d 1974  |p 166 с. 
610 1 |a мощные наносекундные импульсы 
610 1 |a импульсные источники 
610 1 |a ускоренные электроны 
610 1 |a электронная эмиссия 
610 1 |a электроны 
610 1 |a пучки 
610 1 |a ускорение 
610 1 |a труды учёных ТПУ 
701 1 |a Ельчанинов  |b А. С. 
701 1 |a Емельянов  |b В. Г. 
701 1 |a Ковальчук  |b Б. М.  |c российский электрофизик  |c профессор-консультант Томского политехнического университета  |c зав. лаб. Института сильноточной электроники Томского политехнического университета  |c выпускник ЭЭФ Томского политехнического института 1962 г., академик РАН  |f 1940-  |g Борис Михайлович  |2 stltpush  |3 (RuTPU)RU\TPU\pers\27417 
701 1 |a Месяц  |b Г. А.  |c российский физик  |c академик, вице-президент РАН  |c выпускник Томского политехнического института  |f 1936-  |g Геннадий Андреевич  |2 stltpush  |3 (RuTPU)RU\TPU\pers\17099 
701 1 |a Поталицын  |b Ю. Ф. 
801 1 |a RU  |b 63413507  |c 20110601 
801 2 |a RU  |b 63413507  |c 20190513  |g RCR 
942 |c BK